| 000 | 00547nam a2200205Ia 4500 | ||
|---|---|---|---|
| 003 | OSt | ||
| 005 | 20260409114734.0 | ||
| 008 | 008 250505s9999 xx 000 0 eng d | ||
| 037 | _aPERIODICALS | ||
| 040 |
_aFEDL _beng _cFEDL |
||
| 041 |
_aeng _2eng |
||
| 084 | _qFEDL | ||
| 245 | 0 | _aChemistry education | |
| 245 | 0 | _cUniversity grant commission | |
| 260 |
_aNew Delhi, India _bUniversity Grant Commission |
||
| 490 | _vVol.5 No-3-4, Vol.6 No-1-3 Vol.7 No-1-2 | ||
| 546 | _aC.S.E.C. | ||
| 942 |
_cCR _2ddc |
||
| 999 |
_c1396901 _d1396901 |
||